Vojenské obzory teoretický časopis

Podrobná bibliografia
Ďalší autori: Olexy, Štefan (Šéfredaktor, zodpovedný redaktor), Dolinay, Ján (Šéfredaktor, zodpovedný redaktor)
Médium: Časopis
Jazyk:slovenčina
Fyzický popis:zv. 21 cm
Vydavateľské údaje: Bratislava Ministerstvo obrany Slovenskej republiky 1994-2008
ISSN:1335-2598
Predmet:

MARC

LEADER 00000cas a2200000 a 4500
001 vtls008880989
003 SK-MaSNL
005 20260228162111.0
008 160624d19942008xo ar p 0 0 b0slo d
022 |a 1335-2598 
035 |a (SVKBB03)vtls000048023 
040 |a SVKBB  |b slo  |c SVKBB  |d SAVUK  |e AACR2 
041 0 |a slo 
044 |a xo  |c SK 
072 7 |a 355/359  |x Vojenstvo. Obrana krajiny. Ozbrojené sily  |2 konspekt 
072 7 |a 351  |x Úlohy verejnej správy, správne opatrenia. Legislatíva  |2 konspekt 
080 |a 355.1  |2 2001 
080 |a 355/359  |2 2001 
080 |a (051)-027.561  |2 2001 
210 0 |a Vojen. obz. 
222 0 |a Vojenské obzory 
245 0 0 |a Vojenské obzory  |b teoretický časopis 
260 |a Bratislava  |b Ministerstvo obrany Slovenskej republiky  |c 1994-2008 
300 |a zv.  |c 21 cm 
310 |a 1x ročne  |b 2007-2008 
321 |a 2x ročne  |b 2001-2006 
321 |a 4x ročne  |b 1994-2000 
362 0 |a Roč. 1, č. 1 (1994)-roč. 14, č. 1 (2008) 
500 |a Šéfredaktor: ?-2001, Štefan Olexy ; 1/2003-2008, Ján Dolinay 
500 |a R. 2008 prerušené vydávanie 
500 |a R. 2002 nevychádzal 
500 |a Reg. č.: MK SR 969/94 
550 |a 1994-1995 vydáva VITA MO SR, Sekcia sociálnych a humanitných vecí, Bratislava 
550 |a 1996 vydáva Vojenská informačná a tlačová agentúra MO SR, Bratislava 
550 |a 1997-1998 vydáva MO SR vo Vojenskej informačnej a tlačovej agentúre, Bratislava 
550 |a 1999 vydáva MO SR v Tlačovom a informačnom stredisku, Bratislava 
550 |a 2000- vydáva MO SR vo Vydavateľskej a informačnej agentúre, Bratislava 
550 |a [2006]- vydáva MO SR v KOd KaMO, Bratislava 
650 0 7 |a ozbrojené sily  |2 SNKPH  |9 1644 
650 0 7 |a vojenstvo  |2 SNKPH  |9 22591 
650 0 7 |a Armed forces  |2 SNKPHeng  |9 267750 
650 0 7 |a Military science  |2 SNKPHeng  |9 270163 
655 7 |a odborné časopisy  |2 SNKPH  |9 70505 
655 7 |a Professional journals  |2 SNKPHeng  |9 265007 
700 1 |a Olexy, Štefan,  |4 pbd  |9 270361 
700 1 |a Dolinay, Ján  |4 pbd  |9 268400 
710 1 |a Slovensko.  |b Ministerstvo obrany.  |b Sekcia sociálnych a humanitných vecí (Bratislava, Slovensko)  |4 pbl  |9 270362 
710 1 |a Slovensko.  |b Ministerstvo obrany.  |b Vojenská informačná a tlačová agentúra (Bratislava, Slovensko)  |4 pbl  |9 270363 
710 1 |a Slovensko.  |b Ministerstvo obrany.  |b Tlačové a informačné stredisko (Bratislava, Slovensko)  |4 pbl  |9 270364 
710 2 |a Vydavateľská a informačná agentúra KOd KaMO SR (Bratislava, Slovensko)  |4 pbl  |9 126180 
852 |a Štátna vedecká knižnica v Banskej Bystrici 
910 |a savuk 
910 |a snk 
916 |a 1994-2008 
999 |c 6804  |d 8734 
952 |0 0  |1 0  |4 0  |7 0  |8 0  |a SNK  |b SNK  |d 2013-11-14  |i snk2013/27768  |l 0  |o snkČSD 2052/8/2001 D1  |p 17A0858891  |r 2026-02-21 19:32:44  |t č. 1-2  |w 2026-02-21  |y PREZ 
952 |0 0  |1 0  |4 0  |7 0  |a SNK  |b SNK  |d 2014-01-08  |f 1  |i snkČSP 835/97  |l 0  |o snkČSD 2052/1/1994   |p 17A0882103  |r 2026-02-21 19:43:42  |t č. 1-4  |w 2026-02-21  |y PREZ 
952 |0 0  |1 0  |4 0  |7 0  |a SNK  |b SNK  |d 2008-04-11  |f 1  |i snkČSP 1557/99  |l 0  |o snkČSD 2052/5/1998  |p 17A0585498  |r 2026-02-21 21:01:21  |t č. 1-4 + 2 príl.  |w 2026-02-21  |y PREZ 
952 |0 0  |1 0  |4 0  |7 0  |a SNK  |b SNK  |d 2002-01-07  |l 0  |o snkČSD 2052/3/1996 D1  |p 17A0327512  |r 2005-01-02 00:00:00  |w 2026-02-21  |y PREZ 
952 |0 0  |1 0  |4 0  |7 0  |a SNK  |b SNK  |d 2003-03-03  |f 1  |i snkČSP 1569/99  |l 0  |o snkČSD 2052/3/1996  |p 17A0376211  |r 2005-01-02 00:00:00  |t č. 1-4, +príl  |w 2026-02-21  |y PREZ 
952 |0 0  |1 0  |4 0  |7 0  |a SNK  |b SNK  |d 2003-11-06  |i snkČSP 836/97  |l 0  |o snkČSD 2052/1/1994 D1  |p 17A0402318  |r 2005-01-02 00:00:00  |w 2026-02-21  |y PREZ  |z č. 1-4 
952 |0 0  |1 0  |4 0  |7 0  |a SNK  |b SNK  |d 2003-11-06  |f 1  |i snkČSP 838/97  |l 0  |o snkČSD 2052/2/1995   |p 17A0402333  |r 2005-01-02 00:00:00  |t č. 1-4 + príl.  |w 2026-02-21  |y PREZ  |z č. 1-4 
952 |0 0  |1 0  |3 rekatalogizácia  |4 0  |7 0  |a SNK  |b SNK  |d 2006-01-10  |f 1  |i snkČSP 1567/99  |l 0  |o snkČSD 2052/4/1997  |p 17A0492797  |r 2026-02-21 21:10:29  |t č. 1-4  |w 2026-02-21  |y PREZ 
952 |0 0  |1 0  |4 0  |7 0  |a SNK  |b SNK  |d 2010-03-23  |i snkČSP 1568/99  |l 0  |o snkČSD 2052/4/1997 D1  |p 17A0652555  |r 2026-02-21 21:42:01  |t č. 1-4  |w 2026-02-21  |y PREZ 
952 |0 0  |1 0  |4 0  |7 0  |8 0  |a SNK  |b SNK  |d 2013-11-14  |f 1  |i snk2013/27755  |l 0  |o snkČSD 2052/6/1999  |p 17A0858874  |r 2026-02-21 21:43:58  |t č. 1-3  |w 2026-02-21  |y PREZ 
952 |0 0  |1 0  |4 0  |7 0  |8 0  |a SNK  |b SNK  |d 2013-11-14  |i snk2013/27756  |l 0  |o snkČSD 2052/6/1999 D1  |p 17A0858875  |r 2026-02-21 21:43:58  |t č. 1-3  |w 2026-02-21  |y PREZ 
952 |0 0  |1 0  |4 0  |7 0  |8 0  |a SNK  |b SNK  |d 2013-11-14  |f 1  |i snk2013/27757  |l 0  |o snkČSD 2052/7/2000  |p 17A0858878  |r 2026-02-21 21:43:58  |t č. 1-4  |w 2026-02-21  |y PREZ 
952 |0 0  |1 0  |4 0  |7 0  |8 0  |a SNK  |b SNK  |d 2013-11-14  |i snk2013/27758  |l 0  |o snkČSD 2052/7/2000 D1  |p 17A0858879  |r 2026-02-21 21:43:58  |t č. 1-4  |w 2026-02-21  |y PREZ 
952 |0 0  |1 0  |4 0  |7 0  |8 0  |a SNK  |b SNK  |d 2013-11-14  |f 1  |i snk2013/27759  |l 0  |o snkČSD 2052/8/2001  |p 17A0858880  |r 2026-02-21 21:43:58  |t č. 1-2  |w 2026-02-21  |y PREZ 
952 |0 0  |1 0  |4 0  |7 0  |8 0  |a SNK  |b SNK  |d 2013-11-14  |f 1  |i snk2013/27760  |l 0  |o snkČSD 2052/9/2003  |p 17A0858882  |r 2026-02-21 21:43:58  |t č. 1-2  |w 2026-02-21  |y PREZ 
952 |0 0  |1 0  |4 0  |7 0  |8 0  |a SNK  |b SNK  |d 2013-11-14  |i snk2013/27761  |l 0  |o snkČSD 2052/9/2003 D1  |p 17A0858883  |r 2026-02-21 21:43:58  |t č. 1-2  |w 2026-02-21  |y PREZ 
952 |0 0  |1 0  |4 0  |7 0  |8 0  |a SNK  |b SNK  |d 2013-11-14  |f 1  |i snk2013/27762  |l 0  |o snkČSD 2052/12/2006  |p 17A0858884  |r 2026-02-21 21:43:58  |t č. 1-2  |w 2026-02-21  |y PREZ 
952 |0 0  |1 0  |4 0  |7 0  |8 0  |a SNK  |b SNK  |d 2013-11-14  |i snk2013/27763  |l 0  |o snkČSD 2052/12/2006 D1  |p 17A0858885  |r 2026-02-21 21:43:58  |t č. 1-2  |w 2026-02-21  |y PREZ 
952 |0 0  |1 0  |4 0  |7 0  |8 0  |a SNK  |b SNK  |d 2013-11-14  |f 1  |i snk2013/27764  |l 0  |o snkČSD 2052/13/2007  |p 17A0858886  |r 2026-02-21 21:43:58  |t č. 1  |w 2026-02-21  |y PREZ 
952 |0 0  |1 0  |4 0  |7 0  |8 0  |a SNK  |b SNK  |d 2013-11-14  |i snk2013/27765  |l 0  |o snkČSD 2052/13/2007 D1  |p 17A0858887  |r 2026-02-21 21:43:58  |t č. 1  |w 2026-02-21  |y PREZ 
952 |0 0  |1 0  |4 0  |7 0  |8 0  |a SNK  |b SNK  |d 2013-11-14  |f 1  |i snk2013/27766  |l 0  |o snkČSD 2052/14/2008  |p 17A0858889  |r 2026-02-21 21:43:58  |t č. 1  |w 2026-02-21  |y PREZ 
952 |0 0  |1 0  |4 0  |7 0  |8 0  |a SNK  |b SNK  |d 2013-11-14  |i snk2013/27767  |l 0  |o snkČSD 2052/14/2008 D1  |p 17A0858890  |r 2026-02-21 21:43:58  |t č. 1  |w 2026-02-21  |y PREZ 
952 |0 0  |1 0  |4 0  |7 0  |a SNK  |b SNK  |d 2016-04-21  |i snkČSP 837/97  |l 0  |o snkČSD 2052/2/1995 D1  |p 17A1185311  |r 2026-02-21 22:16:27  |t č. 1-4+príl.č. 3-4,17A1185311 úp  |w 2026-02-21  |y PREZ